<?xml version="1.0" encoding="UTF-8"?>
<collection xmlns="http://www.loc.gov/MARC21/slim">
<record>
  <controlfield tag="001">133392</controlfield>
  <controlfield tag="005">20250702132816.0</controlfield>
  <datafield tag="024" ind1="8" ind2=" ">
    <subfield code="2">sideral</subfield>
    <subfield code="a">138092</subfield>
  </datafield>
  <datafield tag="037" ind1=" " ind2=" ">
    <subfield code="a">ART-2024-138092</subfield>
  </datafield>
  <datafield tag="041" ind1=" " ind2=" ">
    <subfield code="a">spa</subfield>
  </datafield>
  <datafield tag="100" ind1=" " ind2=" ">
    <subfield code="a">Ramón Salinas, Jorge</subfield>
    <subfield code="u">Universidad de Zaragoza</subfield>
    <subfield code="0">(orcid)0000-0002-3950-5407</subfield>
  </datafield>
  <datafield tag="245" ind1=" " ind2=" ">
    <subfield code="a">Una propuesta didáctica para el Grado en Magisterio en Educación Primaria a partir del patrimonio fonográfico. Miguel Fleta, la jota aragonesa y el canto lírico</subfield>
  </datafield>
  <datafield tag="260" ind1=" " ind2=" ">
    <subfield code="c">2024</subfield>
  </datafield>
  <datafield tag="506" ind1="0" ind2=" ">
    <subfield code="a">Access copy available to the general public</subfield>
    <subfield code="f">Unrestricted</subfield>
  </datafield>
  <datafield tag="520" ind1="3" ind2=" ">
    <subfield code="a">Se propone un planteamiento didáctico basado en la audición a través de grabaciones históricas de jotas aragonesas cantadas por el célebre tenor español Miguel Fleta (1897–1938). Se reflexiona sobre el uso educativo del patrimonio sonoro histórico, más concretamente de piezas del repertorio de este género que fueron interpretadas y grabadas por el más famoso cantante aragonés (1897-1938). La propuesta se desarrolla mediante los procesos propios de la audición activa y está dirigido a la formación de maestros con la finalidad ulterior de su aplicación en el aula de Educación Primaria. A la vez que se reflexiona sobre la importancia de la jota aragonesa y las composiciones líricas inspiradas en este género en la segunda mitad del siglo XIX y primer tercio del siglo XX, época de configuración y desarrollo de este y otros géneros populares en España, se incide en la importancia de su conocimiento instando a su uso dirigido como herramienta didáctica.

A didactic project is proposed based on listening to historical recordings of Aragonese jotas sang by the renowned Spanish tenor Miguel Fleta (1897–1938). It is considered the educational use of historical sound heritage, more specifically, pieces from the repertoire of this genre that were interpreted and recorded by the famous Aragonese singer (1897-1938). The proposal is developed through the processes of active listening and is aimed at the training of teachers with the ultimate purpose of its application in the Primary Education classroom. While reflecting on the importance of the Aragonese jota and lyrical compositions inspired by this genre in the second half of the 19th century and the first third of the 20th century, a period of configuration and development of this and other popular genres in Spain, emphasis is placed on the importance of its knowledge, urging its directed use as a didactic tool.</subfield>
  </datafield>
  <datafield tag="540" ind1=" " ind2=" ">
    <subfield code="9">info:eu-repo/semantics/openAccess</subfield>
    <subfield code="a">All rights reserved</subfield>
    <subfield code="u">http://www.europeana.eu/rights/rr-f/</subfield>
  </datafield>
  <datafield tag="655" ind1=" " ind2="4">
    <subfield code="a">info:eu-repo/semantics/article</subfield>
    <subfield code="v">info:eu-repo/semantics/publishedVersion</subfield>
  </datafield>
  <datafield tag="700" ind1=" " ind2=" ">
    <subfield code="a">Zavala Aznar, Carmen M.</subfield>
    <subfield code="u">Universidad de Zaragoza</subfield>
    <subfield code="0">(orcid)0000-0002-1964-889X</subfield>
  </datafield>
  <datafield tag="710" ind1="2" ind2=" ">
    <subfield code="1">3001</subfield>
    <subfield code="2">189</subfield>
    <subfield code="a">Universidad de Zaragoza</subfield>
    <subfield code="b">Dpto. Expres.Music.Plást.Corp.</subfield>
    <subfield code="c">Área Didáctica Expres. Musical</subfield>
  </datafield>
  <datafield tag="773" ind1=" " ind2=" ">
    <subfield code="g">66 (2024), [16 pp.]</subfield>
    <subfield code="p">AACA digit.</subfield>
    <subfield code="t">AACA Digital</subfield>
    <subfield code="x">1988-5180</subfield>
  </datafield>
  <datafield tag="856" ind1="4" ind2=" ">
    <subfield code="s">1870820</subfield>
    <subfield code="u">http://zaguan.unizar.es/record/133392/files/texto_completo.pdf</subfield>
    <subfield code="y">Versión publicada</subfield>
  </datafield>
  <datafield tag="856" ind1="4" ind2=" ">
    <subfield code="s">3098267</subfield>
    <subfield code="u">http://zaguan.unizar.es/record/133392/files/texto_completo.jpg?subformat=icon</subfield>
    <subfield code="x">icon</subfield>
    <subfield code="y">Versión publicada</subfield>
  </datafield>
  <datafield tag="856" ind1="4" ind2="1">
    <subfield code="u">https://www.aacadigital.com/contenido.php?idarticulo=2156</subfield>
    <subfield code="z">Texto completo de la revista</subfield>
  </datafield>
  <datafield tag="909" ind1="C" ind2="O">
    <subfield code="o">oai:zaguan.unizar.es:133392</subfield>
    <subfield code="p">articulos</subfield>
    <subfield code="p">driver</subfield>
  </datafield>
  <datafield tag="951" ind1=" " ind2=" ">
    <subfield code="a">2025-07-02-13:26:08</subfield>
  </datafield>
  <datafield tag="980" ind1=" " ind2=" ">
    <subfield code="a">ARTICLE</subfield>
  </datafield>
</record>
</collection>